Davidson's Principles & Practice of Medicine (Record no. 22820)

MARC details
000 -LEADER
fixed length control field 00383nam a22001697a 4500
003 - CONTROL NUMBER IDENTIFIER
control field SGT
020 ## - INTERNATIONAL STANDARD BOOK NUMBER
International Standard Book Number 9780702070273
082 ## - DEWEY DECIMAL CLASSIFICATION NUMBER
Classification number 610
Item number D18R
100 ## - MAIN ENTRY--PERSONAL NAME
Personal name Ralston, Stuart H..[et. al.]
245 ## - TITLE STATEMENT
Title Davidson's Principles & Practice of Medicine
250 ## - EDITION STATEMENT
Edition statement 23rd
260 ## - PUBLICATION, DISTRIBUTION, ETC. (IMPRINT)
Name of publisher, distributor, etc Elsevier
Year of Publication 2018
300 ## - PAGE DESCRIPTION
No. of Pages 417
650 ## - SUBJECT ADDED ENTRY--TOPICAL TERM
Topical term or geographic name as entry element Medicine
653 ## - KEYWORDS--INDEX TERM
Keyword term Medicine
942 ## - ADDED ENTRY ELEMENTS (KOHA)
Source of classification or shelving scheme Dewey Decimal Classification
Koha item type Books
942 ## - ADDED ENTRY ELEMENTS (KOHA)
-- 11
Holdings
Withdrawn status Lost status Source of classification or shelving scheme Damaged status Not for loan Home library Current library Date acquired Vendor Name Cost, normal purchase price SGTU Bill Number Total Checkouts Full call number Accession No. (Barcode) Date last seen Date last borrowed Bill Date Koha item type
    Dewey Decimal Classification     SGT Dental Library SGT Dental Library 10/06/2022 Ahuja Book Co. Pvt. Ltd. 2730.00 SGTU 14353 4 610 D18R FD8885 07/07/2025 07/07/2025 16/04/2022 Books
    Dewey Decimal Classification     SGT Dental Library SGT Dental Library 10/06/2022 Ahuja Book Co. Pvt. Ltd. 2730.00 SGTU 14353 6 610 D18R FD8886 30/04/2026 11/04/2026 16/04/2022 Books
    Dewey Decimal Classification     SGT Dental Library SGT Dental Library 10/06/2022 Ahuja Book Co. Pvt. Ltd. 2730.00 SGTU 14353 8 610 D18R FD8887 06/10/2025 29/07/2025 16/04/2022 Books